| 000 | 00558nam a2200169Ia 4500 | ||
|---|---|---|---|
| 003 | IN-BaIIA | ||
| 008 | 211028s9999 xx 000 0 eng d | ||
| 040 | _cIIA Library | ||
| 080 |
_a082.2:52 _bIAU-C40 |
||
| 100 |
_aMuchesne, M _99981 |
||
| 245 | 0 |
_aAstronomical applications of image detectors with linear response _cM. Muchesne |
|
| 260 |
_aParis _bMeudon Observatory _c1976 |
||
| 650 |
_aAstronomical applications _99982 |
||
| 650 |
_aElectronography _99983 |
||
| 650 |
_aImage detectors _99984 |
||
| 942 | _cBK | ||
| 999 |
_c5762 _d5762 |
||